Comunità e comunicazione (Record n. 65400)
[ formato base ]
| 000 -LEADER | |
|---|---|
| fixed length control field | 01340nam a2200301Ia 4500 |
| 001 - CONTROL NUMBER | |
| control field | 24765 |
| 003 - CONTROL NUMBER IDENTIFIER | |
| control field | IT-RoPAU |
| 008 - FIXED-LENGTH DATA ELEMENTS--GENERAL INFORMATION | |
| fixed length control field | 130308s9999 xx 000 0 und d |
| 040 ## - CATALOGING SOURCE | |
| Original cataloging agency | IT-RoPAU |
| 040 ## - CATALOGING SOURCE | |
| Transcribing agency | IT-RoPAU |
| 041 ## - LANGUAGE CODE | |
| Language code of text/sound track or separate title | ITALIANO |
| 999 ## - SYSTEM CONTROL NUMBERS (KOHA) | |
| Koha Dewey Subclass [OBSOLETE] | SI |
| 100 ## - MAIN ENTRY--PERSONAL NAME | |
| Personal name | Apel Karl Otto |
| 100 ## - MAIN ENTRY--PERSONAL NAME | |
| Miscellaneous information | Codice Aut. SPICS: 11887 |
| 245 ## - TITLE STATEMENT | |
| Title | Comunità e comunicazione |
| 245 ## - TITLE STATEMENT | |
| Remainder of title | Comunita' e Comunicazione |
| 250 ## - EDITION STATEMENT | |
| Edition statement | 1a ed. |
| 260 ## - PUBLICATION, DISTRIBUTION, ETC. (IMPRINT) | |
| Place of publication, distribution, etc. | TORINO |
| 260 ## - PUBLICATION, DISTRIBUTION, ETC. (IMPRINT) | |
| Name of publisher, distributor, etc. | Rosenberg & Sellier |
| 260 ## - PUBLICATION, DISTRIBUTION, ETC. (IMPRINT) | |
| Date of publication, distribution, etc. | 1977 [1° Ed.:1977 - Ed.Ling.Originale:1973] |
| 300 ## - PHYSICAL DESCRIPTION | |
| Extent | "304 p. (prefazione: 32; testo: 272)" |
| 500 ## - GENERAL NOTE | |
| General note | Wittgenstein e Heidegger Senso dell'Essere Sviluppo della Filosofia Analitica del Linguaggio Scienze Dello Spirito Scientistica Ermeneutica e Critica dell'ideologia Scientismo o Ermeneutica Trascendentale Soggetto dell'interpretazione dei Segni nella Semiotica del pragmatismo Comunità della Comunicazione Come Presupposto Trascendentale delle Scienze Sociali Apriori della Comunità della Comunicazione Fondamenti dell'Etica fondazione Razionale dell'Etica nell'epoca della Scienza Introduzione Alla Edizione Italiana di Gianni Vattimo Saggi Tratti Dall'Opera Transformation Der Philosophie |
| 650 ## - SUBJECT ADDED ENTRY--TOPICAL TERM | |
| Topical term or geographic name as entry element | FILOSOFIA LINGUISTICA |
| 650 ## - SUBJECT ADDED ENTRY--TOPICAL TERM | |
| Relator term | Codice materia Spics: 3101 |
| 942 ## - ADDED ENTRY ELEMENTS (KOHA) | |
| Koha item type | LIBRO |
| 957 ## - | |
| -- | 1 |
| 999 ## - SYSTEM CONTROL NUMBERS (KOHA) | |
| -- | 1 |
| Withdrawn status | Lost status | Damaged status | Not for loan | Home library | Current library | Date acquired | Total Checkouts | Full call number | Date last seen | Price effective from | Koha item type | Public note |
|---|---|---|---|---|---|---|---|---|---|---|---|---|
| Buone Condizioni | Not For Loan | SPICS-MEDIATECA | SPICS-MEDIATECA | 08/03/2013 | 24765 | 08/03/2013 | 08/03/2013 | LIBRO | Progressivo inserimento: 1783 / N. Volumi: 1 Copie: 1 Copia Rara: SI / data import: 1 marzo 2013 - By Epidotti, Trombetti, Vaglietti. |